[Event "VIE-ch U11"]
[Site "Ho Chi Minh City"]
[Date "2022.07.15"]
[Round "7"]
[White "Nguyen, Ngoc Tung Anh"]
[Black "Pham, Huy Duc"]
[Result "0-1"]
[WhiteElo "2354"]
[BlackElo "2366"]
[PlyCount "60"]
[EventDate "2022.07.11"]
[EventType "swiss"]
[EventRounds "9"]
[EventCountry "VIE"]
[SourceTitle "EXT 2023"]
[Source "ChessBase"]
[SourceDate "2022.10.05"]
[SourceVersion "1"]
[SourceVersionDate "2022.10.05"]
[SourceQuality "1"]

1. d4 Nf6 2. c4 g6 3. Nc3 Bg7 4. Nf3 d6 5. Bg5 0-0 6. e3 Nbd7 7. Be2 h6 8. Bh4 e5 9. 0-0 g5 10. Bg3 Nh5 11. Nd2 Nxg3 12. hxg3 exd4 13. exd4 Bxd4 14. Qc2 Bg7 15. Nd5 Nf6 16. Ne3 Be6 17. Bf3 c6 18. Rfd1 Qc7 19. Rac1 Rad8 20. Qa4 Nd7 21. Qa3 Ne5 22. Ne4 Nxf3+ 23. gxf3 f5 24. Nc3 f4 25. gxf4 gxf4 26. Ng4 Bxg4 27. fxg4 Qe7 28. Qa4 Qh4 29. Qxa7 f3 30. Ne4 Qh3 0-1